00575nam a22001817a 450000500170000001000150001702000260003202000230005803500130008103700130009408200120010710000200011924500980013926000410023727000380027830000270031650000500034320161110122745.0 aENG-116407 a9788170175230c450.00 a8170175232c450.00 aEN-99939 bDBAD/PUB a133.333 aBhardwaj, Anand aScientific approach to vastu shastra :cby Anand Bhardwajbtalks on the royal song of sarha / aNew DelhibAbhinav Publicationc2013 aE-37 Hauz KhasbNew Delhie110016 a249p.:c22cm.(Hb)bill aIncludes bibliographical references and index